Most Valuable Football Players in Süper Lig (Top50) - Statistics

General Stats
  • This quiz has been taken 80 times
    20 since last reset
  • The average score is 26 of 50
Answer Stats
Player % Correct
Victor Osimhen
100%
Barış Alper Yılmaz
83%
Gabriel Sara
78%
Noa Lang
78%
Orkun Kökçü
78%
Wilfried Singo
78%
Davinson Sánchez
72%
Dorgeles Nene
72%
Edson Álvarez
72%
Jayden Oosterwolde
72%
Kerem Aktürkoğlu
72%
Marco Asensio
72%
Mattéo Guendouzi
72%
Yunus Akgün
72%
Hyeon-gyu Oh
67%
Leroy Sané
67%
Milan Škriniar
67%
Roland Sallai
67%
Sidiki Chérif
67%
Christ Inao Oulaï
61%
İsmail Yüksek
61%
Uğurcan Çakır
61%
Emmanuel Agbadou
56%
Ernest Muci
56%
Kristjan Asllani
56%
Lucas Torreira
56%
Archie Brown
50%
El Bilal Touré
50%
Talisca
50%
Vaclav Cerny
50%
Ederson
44%
Jota Silva
44%
Nélson Semedo
44%
Oleksandr Zubkov
44%
Sacha Boey
44%
Yáser Asprilla
44%
Amir Murillo
39%
Ismail Jakobs
39%
Mert Müldür
39%
Oğuz Aydın
33%
Wilfred Ndidi
33%
André Onana
28%
Arseniy Batagov
28%
Eldor Shomurodov
28%
Juan
22%
Maestro
22%
Felipe Augusto
17%
Wagner Pina
17%
Anthony Dennis
6%
Chibuike Nwaiwu
6%
No matching quizzes found
Score Distribution
Percent of People with Each Score
Percentile by Number Answered
Your Score History
You have not taken this quiz since the last reset